Statistics for MLB Teams by location

Click here to take the quiz!

General Stats

  • This quiz has been taken 48 times
  • The average score is 28 of 30

Answer Stats

LocationTeam% Correct
ChicagoCubs
98%
OaklandA's
95%
HoustonAstros
95%
CinncinattiReds
95%
BostonRed Sox
95%
Kansas cityRoyals
95%
DetriotTigers
95%
ChicagoWhite Sox
95%
TorontoBlue Jays
93%
ArizonaDiamondbacks
93%
Los AngelesDodgers
93%
ClevlandIndians
93%
SeattleMariners
93%
BaltimoreOrioles
93%
San DeigoPadres
93%
PhiladelphiaPhillies
93%
PittsburgPirates
93%
New YorkYankees
93%
AtlantaBraves
91%
MilwalkeeBrewers
91%
St. LouisCardinals
91%
TexasRangers
91%
Tampa BayRays
91%
ColoradoRockies
91%
Los Angeles _______ AnaheimAngels
88%
San FranciscoGiants
88%
MiamiMarlins
88%
New YorkMets
88%
MinnesotaTwins
88%
WashingtonNationals
86%

Score Distribution

Percentile by Number Answered

Percent of People with Each Score

Your Score History

You have not taken this quiz